| 000 | 00660nam a2200265Ia 4500 | ||
|---|---|---|---|
| 005 | 20250425161919.0 | ||
| 008 | 250425s9999 xx 000 0 und d | ||
| 020 | _a0205142427 | ||
| 041 | _aeng | ||
| 082 | _a658.802 | ||
| 100 | _aKERIN, ROGER A. | ||
| 245 | 0 | _aSTRATEGIC MARKETING PROBLEMS: CASES AND COMMENTS | |
| 250 | _a6TH ED. | ||
| 260 | _aBOSTON | ||
| 260 |
_aEstados Unidos _bALLYN AND BACON _c1993 |
||
| 300 | _a720 | ||
| 500 | _aINGLES | ||
| 650 | _aESTRATEGIAS DE MARKETING | ||
| 650 | _aMARKETING | ||
| 650 | _aMARKETING-GESTION | ||
| 650 | _aTOMA DE DECISIONES | ||
| 710 | _aALLYN AND BACON | ||
| 942 | _c01 | ||
| 010 | _a34734 | ||
| 999 |
_c218720 _d218720 |
||